000 00269nam a2200097Ia 4500
082 _a658.453 FORS
245 0 _aPowerful reports and proposals
100 _a FORSYTH, Patrick London, 2003
_996510
942 _cBK
008 210817s9999 xx 000 0 und d
999 _c405726
_d405725